2022-23 NHL POINT LEADERS BY TEAM - Statistics

General Stats
  • This quiz has been taken 118 times
  • The average score is 24 of 32
Answer Stats
Hint Answer % Correct
Boston Bruins 113 David Pastrnak
98%
Edmonton Oilers 153 Connor McDavid
94%
Colorado Avalanche 111 Nathan MacKinnon
93%
Tampa Bay Lightning 113 Nikita Kucherov
90%
Pittsburgh Penguins 93 Sidney Crosby
90%
New Jersey Devils 99 Jack Hughes
89%
Anaheim Ducks 65 Trevor Zegras
89%
Washington Capitals 75 Alex Ovechkin
88%
Arizona Coyotes 86 Clayton Keller
88%
Florida Panthers 109 Matthew Tkachuk
87%
Buffalo Sabres 94 Tage Thompson
87%
Toronto Maple Leafs 99 Mitchell Marner
85%
Minnesota Wild 75 Kirill Kaprizov
84%
Dallas Stars 109 Jason Robertson
84%
New York Rangers 92 Artemi Panarin
82%
Montreal Canadiens 66 Nick Suzuki
81%
Vancouver Canucks 102 Elias Pettersson
79%
Los Angeles Kings 74 Anze Kopitar
78%
San Jose Sharks 101 Erik Karlsson
78%
Nashville Predators 59 Roman Josi
76%
Detroit Red Wings 79 Dylan Larkin
74%
Winnipeg Jets 80 Kyle Connor
74%
Vegas Golden Knights 66 Jack Eichel
72%
Columbus Blue Jackets 74 Johnny Gaudreau
67%
Ottawa Senators 90 Tim Stutzle
61%
Seattle Kraken 70 Jared McCann
52%
Philadelphia Flyers 61 Travis Konecny
51%
St. Louis Blues 73 Jordan Kyrou
50%
Carolina Hurricanes 71 Martin Necas
43%
New York Islanders 75 Brock Nelson
38%
Calgary Flames 73 Tyler Toffoli
34%
Chicago Blackhawks 49 Max Domi
22%
No matching quizzes found
Score Distribution
Percent of People with Each Score
Percentile by Number Answered
Your Score History
You have not taken this quiz